000
00236nam a2200097Ia 4500
001
714659
005
20250826162909.0
008
250824s9999 xx 000 0 und d
245
0
_a
GECE SESLERİ
_c
AYŞE KULİN
260
_b
EVEREST YAYINLARI
999
_c
714659
_d
714659